000
00208nam a2200097Ia 4500
005
20251222114410.0
008
251222s1900||||xx |||||||||||||| ||spa||
082
_a
DVD0120/P19
245
0
_a
Réquiem
942
_c
DVD
999
_c
1980
_d
1980